La morale cattolica (Record no. 43454)

MARC details
000 -LEADER
campo de control de longitud fija 00725nam a2200181 i 4500
001 - NÚMERO DE CONTROL
campo de control 43454
003 - IDENTIFICADOR DE NÚMERO DE CONTROL
campo de control ES-MaACL
005 - FECHA Y HORA DE LA ÚLTIMA TRANSACCIÓN
campo de control 20251015063056.0
007 - CAMPO FIJO DE DESCRIPCIÓN FÍSICA--INFORMACIÓN GENERAL
campo de control de longitud fija t|
008 - DATOS DE LONGITUD FIJA--INFORMACIÓN GENERAL
campo de control de longitud fija 030317s1912 it ||||1| ita d
100 1# - ENTRADA PRINCIPAL--NOMBRE DE PERSONA
Nombre de persona Cathrein, Victor,
Fechas asociadas al nombre 1845-1931
9 (RLIN) 37069
245 13 - MENCIÓN DEL TÍTULO
Título La morale cattolica
Resto del título : esposta nelle sue premesse e nelle sue linee fondamentali a schiarimento delle maggiori questioni della vita per tutte le persone colte /
Mención de responsabilidad, etc. Victor Cathrein ; dalla seconda edizione tedesca a cura del sac. dott. Ubaldo Mannucci.
260 ## - PUBLICACIÓN, DISTRIBUCIÓN, ETC.
Lugar de publicación, distribución, etc. Roma :
Nombre del editor, distribuidor, etc. F. Pustet.,
Fecha de publicación, distribución, etc. 1912 (
Fabricante L. Cappelli)
300 ## - DESCRIPCIÓN FÍSICA
Extensión XII, 575 p. ;
Dimensiones 22 cm.
650 #7 - PUNTO DE ACCESO ADICIONAL DE MATERIA--TÉRMINO DE MATERIA
Término de materia o nombre geográfico como elemento de entrada Moral cristiana
Fuente del encabezamiento o término
9 (RLIN) 142371
852 ## - LOCALIZACIÓN
Ubicación ES-MaACL
Número de control de estantería F-1574
Holdings
Estatus retirado Estado de pérdida Estado de daño No para préstamo Biblioteca de origen Biblioteca actual Ubicación en estantería Fecha de adquisición Fuente de adquisición Total de préstamos Signatura topográfica completa Código de barras Visto por última vez Precio de reemplazo Tipo de ítem Koha
        Biblioteca del Ateneo de Madrid Biblioteca del Ateneo de Madrid Depósito 2 17/01/2008     F-1574 1045744 23/02/2023 23/02/2023 Libro impreso